Dynamika procesów realnych w przedsiebiorstwie handlowym

Enregistré dans:
Détails bibliographiques
Auteur principal: Szumilak, Jan
Format: Livre
Langue:polonais
Publié: Kraków Akademia Ekon. 1987
Collection:Zeszyty naukowe nr. 77
Tags: Ajouter un tag
Pas de tags, Soyez le premier à ajouter un tag!

MARC

LEADER 00000nam a2200000 4500
001 c111203
005 20150409111849.3
041 0 |a pol 
044 |a PL 
245 1 0 |a Dynamika procesów realnych w przedsiebiorstwie handlowym  |c Jan Szumilak 
264 1 |a Kraków  |b Akademia Ekon.  |c 1987 
300 |a 282 s. 
490 1 |a Zeszyty naukowe  |v nr. 77 
830 0 |a Zeszyty naukowe  |v nr. 77 
100 1 |a Szumilak, Jan